000 00828nam a2200265Ia 4500
003 OSt
005 20221005085710.0
006 a|||||r|||| 00| 0
007 ta
008 221004b |||||||| |||| 00| 0 eng d
020 _a9781462520688 (hbk)
_cUSD 45.00
024 _a35007
037 _b20, 14/09/2017, Mallika Books
_cTextual
040 _aCRL
_cCRL
_beng
041 _2eng
_aeng
082 _aS:4-86, Q5
100 _aHeather Thompson-Brenner Ed.
_9614483
245 0 _aCasebook of evidence based therapy for eating disorder
260 _aNew York
_bGuilford Press USA
_c2015
300 _axii,372p.
_ccm.
650 _a PSYCHOLOGY
650 _aCOGNITIVE STYLES
_915127
942 _hS:4-86, Q5
_cTEXL
_2cc
999 _c994639
_d994639